000 00302nam a22001097a 4500
008 230626b xxu||||| |||| 00| 0 eng d
082 _a337.
_bHAR 2001
245 _aCOMESA
_bThe Prerequisites for Progress Towards a Single Currency in COMESA
260 _bCOMESA
_c2001
300 _a126p
942 _2ddc
_cBK
999 _c2782
_d2782